[Event "Deutsche Ländermeisterschaft 2013"]
[Site "Hannover GER"]
[Date "2013.10.02"]
[Round "1"]
[White "Müller, Max"]
[Black "Galkin, Wladislaw"]
[Result "0-1"]
[Termination "normal"]
[Board "9.3"]
[WhiteTitle "16"]
[BlackTitle "18"]
[WhiteElo "1747"]
[BlackElo "2088"]
[WhiteTeam "Saarland"]
[BlackTeam "Hessen"]
[WhiteFideId "12900486"]
[BlackFideId "4603192"]
[EventCountry "GER"]
[EventRounds "7"]
[EventType "team-swiss"]
[EventDate "2013.10.02"]

1. c4 c5 2. g3 g6 3. Bg2 Bg7 4. Nc3 Nc6 5. d3 e6 6. Nf3 Nge7 7. O-O O-O 8. Be3
b6 9. Qd2 Nf5 10. Rad1 Bb7 11. a3 Nxe3 12. fxe3 d5 13. cxd5 exd5 14. e4 Bxc3
15. Qxc3 dxe4 16. dxe4 Qe7 17. Qe3 Rad8 18. Qh6 Ne5 19. Qf4 f6 20. Nxe5 fxe5
21. Qc1 Kg7 22. Rxf8 Qxf8 23. Bf3 Rd6 24. Kf2 Qd8 25. Ke1 Kf6 26. h4 Rxd1+ 27.
Qxd1 Qxd1+ 28. Kxd1 Ke6 29. Kd2 Kd6 30. Kc3 Kc6 31. b3 Bc8 32. g4 h6 33. g5 h5
34. e3 Bg4 35. Bg2 Be2 36. Kd2 Ba6 37. Bh3 Kd6 38. Kc3 $11 Bb7 39. Bg2 Ba8 40.
Bh1 Bb7 41. Bf3 a5 42. a4 Bc6 43. Kc4 Bb7 44. Kb5 Kc7 45. Kc4 Kc6 46. Kc3 Ba6
47. Bg2 b5 48. axb5+ Bxb5 49. Bh3 Kd6 50. Bg2 Ba6 51. Bf3 c4 52. bxc4 Kc5 53.
Bd1 Bxc4 54. Ba4 Bb5 55. Bb3 Bc6 56. Bc2 a4 57. Bd3 Bb5 58. Bc2 Be8 59. Bd1 Bc6
60. Bc2 Kb5 61. Bb1 Ka5 62. Kc4 Be8 63. Kd5 Kb4 64. Kxe5 Kb3 65. Ke6 a3 66. Ke7
Kb2 67. Kxe8 Kxb1 68. Kf7 a2 69. e5 a1=Q 70. e6 Qa7+ 71. Kf6 Qa6 72. Kf7 Qc4
73. Kf6 Qxh4 74. Kxg6 Qe4+ 75. Kf6 h4 76. g6 h3 77. g7 Qa8 78. Kf7 h2 79. g8=Q
Qxg8+ 80. Kxg8 h1=Q 81. e7 Qe4 82. Kf8 Qf5+ 83. Kg8 Qe6+ 84. Kf8 Qf6+ 85. Ke8
Kc2 86. Kd7 Qf5+ 87. Kd8 Qd5+ 88. Kc7 Qe6 89. Kd8 Qd6+ 0-1

[Event "Deutsche Ländermeisterschaft 2013"]
[Site "Hannover GER"]
[Date "2013.10.02"]
[Round "1"]
[White "Keller, Peter"]
[Black "Sonnhalter, Stella"]
[Result "1-0"]
[Termination "normal"]
[Board "9.4"]
[WhiteTitle "16"]
[BlackTitle "20w"]
[WhiteElo "2036"]
[BlackElo "1806"]
[WhiteTeam "Hessen"]
[BlackTeam "Saarland"]
[WhiteFideId "1272105"]
[BlackFideId "4624815"]
[EventCountry "GER"]
[EventRounds "7"]
[EventType "team-swiss"]
[EventDate "2013.10.02"]

1. e4 c5 2. Nf3 Nc6 3. d4 cxd4 4. Nxd4 g6 5. Nc3 Bg7 6. Nb3 Nf6 7. Be2 O-O 8.
O-O b6 9. Bg5 Bb7 10. f4 Rc8 11. Bf3 d6 12. Nd5 Nxd5 13. exd5 Nb8 14. c3 Nd7
15. Re1 Nf6 16. a4 Re8 17. a5 Ba6 18. Be2 Bxe2 19. Rxe2 bxa5 20. Kh1 Qb6 21.
Nxa5 Nxd5 22. Qxd5 Rc5 23. Qa2 e5 24. fxe5 Rcxe5 25. Rxe5 dxe5 26. Nc4 Qc5 27.
Be3 Qd5 28. Bxa7 Bh6 29. Be3 Bxe3 30. Nxe3 Qd2 31. Nd5 Kg7 32. b4 Qd3 33. c4 e4
34. Qb2+ Kh6 35. Qc3 Re6 36. h3 Qe2 37. Re1 Qf2 38. Qe3+ 1-0

[Event "Deutsche Ländermeisterschaft 2013"]
[Site "Hannover GER"]
[Date "2013.10.02"]
[Round "1"]
[White "Müller, Sophie"]
[Black "Schmalhorst, Sophia"]
[Result "0-1"]
[Termination "normal"]
[Board "9.5"]
[WhiteTitle "14w"]
[BlackTitle "18w"]
[WhiteElo "1444"]
[BlackElo "1945"]
[WhiteTeam "Saarland"]
[BlackTeam "Hessen"]
[WhiteFideId "12926698"]
[BlackFideId "24682497"]
[EventCountry "GER"]
[EventRounds "7"]
[EventType "team-swiss"]
[EventDate "2013.10.02"]

1. c4 e6 2. Nc3 d5 3. Nf3 Nf6 4. d3 Be7 5. g3 O-O 6. Bg2 b6 7. O-O Bb7 8. cxd5
exd5 9. Qc2 c5 10. d4 Nc6 11. Rd1 Re8 12. Bg5 c4 13. a3 Na5 14. Ne5 h6 15. Bxf6
Bxf6 16. Nf3 Qe7 17. e3 Rad8 18. Nd2 Bg5 19. Re1 Qd7 20. Rac1 h5 21. Nf3 Bf6
22. h4 Qg4 23. Ne2 Nb3 24. Rcd1 Bc8 25. Nf4 Bf5 26. Qe2 Be4 27. Nh2 Qxe2 28.
Nxe2 Bc2 29. Nf4 g6 30. Nxd5 Bg7 31. Nb4 Bxd1 32. Rxd1 Bf8 33. Nc6 Rd7 34. Rf1
Rc7 35. Ne5 Bd6 36. Nef3 c3 37. bxc3 Rxc3 38. a4 Na5 39. Rb1 Ra3 40. Rc1 Rxa4
41. Bf1 Rb4 42. Nd2 Nb3 43. Nxb3 Rxb3 44. Nf3 Kg7 45. Nd2 Rb4 46. Rc6 Bb8 47.
Nc4 Rb1 48. Nd2 Rd1 49. Nb3 Re6 50. Rxe6 fxe6 51. Kg2 a5 52. Be2 Rb1 53. Bc4
Kf6 54. Nd2 Rb4 55. Kf3 b5 56. Bd3 a4 57. Nb1 Rb3 58. Bc2 Rb2 59. Bd3 b4 60.
Kg2 a3 61. Nxa3 bxa3 62. Bc4 a2 63. Bxa2 Rxa2 64. Kf1 e5 0-1

[Event "Deutsche Ländermeisterschaft 2013"]
[Site "Hannover GER"]
[Date "2013.10.02"]
[Round "1"]
[White "Schirra, Maurice"]
[Black "Bureik, Nicolas"]
[Result "1-0"]
[Termination "normal"]
[Board "9.6"]
[WhiteTitle "12"]
[BlackTitle "12"]
[WhiteElo "1662"]
[BlackElo "1299"]
[WhiteTeam "Hessen"]
[BlackTeam "Saarland"]
[WhiteFideId "12941115"]
[BlackFideId "12971863"]
[EventCountry "GER"]
[EventRounds "7"]
[EventType "team-swiss"]
[EventDate "2013.10.02"]

1. e4 d5 2. exd5 Qxd5 3. Nc3 Qd6 4. d4 Nf6 5. Bd3 a6 6. Nge2 b5 7. Bf4 Qc6 8.
f3 Bb7 9. Qd2 e6 10. Be5 Nbd7 11. Qf4 Bd6 12. Ne4 Nd5 13. Qg3 Bxe5 14. dxe5 g6
15. O-O-O O-O-O 16. N2c3 Ne3 17. Rd2 h6 18. Qf2 Nc4 19. Bxc4 Qxc4 20. Rd4 Qc6
21. f4 Nb6 22. Rhd1 Rxd4 23. Rxd4 Rd8 24. Rxd8+ Kxd8 25. Qh4+ Ke8 26. Qxh6 Nd5
27. Nxd5 Qxd5 1-0

[Event "Deutsche Ländermeisterschaft 2013"]
[Site "Hannover GER"]
[Date "2013.10.02"]
[Round "1"]
[White "Recktenwald, Cedric"]
[Black "Schneider, Sabrina"]
[Result "1/2-1/2"]
[Termination "normal"]
[Board "9.7"]
[WhiteTitle "12"]
[BlackTitle "16w"]
[WhiteElo "1258"]
[BlackElo "1638"]
[WhiteTeam "Saarland"]
[BlackTeam "Hessen"]
[WhiteFideId "12971928"]
[BlackFideId "12951986"]
[EventCountry "GER"]
[EventRounds "7"]
[EventType "team-swiss"]
[EventDate "2013.10.02"]

1. e4 e5 2. Nf3 Nc6 3. Bc4 Nf6 4. Ng5 d5 5. exd5 Na5 6. Bb5+ c6 7. dxc6 bxc6 8.
Qf3 Bb7 9. Bd3 Bd6 10. Nc3 O-O 11. O-O c5 12. Nge4 Nxe4 13. Bxe4 Bxe4 14. Nxe4
f5 15. Nxd6 Qxd6 16. Qc3 Nc6 17. d3 f4 18. Qc4+ Kh8 19. f3 Rf6 20. c3 Rd8 21.
Rf2 Ne7 22. Re2 Rf5 23. b4 cxb4 24. Qxb4 Qxb4 25. cxb4 Rxd3 26. Bb2 Rd5 27.
Rae1 Ng6 28. Rc2 Rf8 29. Rc7 a5 30. Rc5 Rxc5 31. bxc5 Rc8 32. Bxe5 Rxc5 33.
Bxf4 Kg8 34. Bd6 Rc2 35. a3 Nh4 36. Re8+ Kf7 37. Rf8+ Ke6 38. Bg3 1/2-1/2

[Event "Deutsche Ländermeisterschaft 2013"]
[Site "Hannover GER"]
[Date "2013.10.02"]
[Round "1"]
[White "Reinecke, Katharina"]
[Black "Weiten, Teresa"]
[Result "1-0"]
[Termination "normal"]
[Board "9.8"]
[WhiteTitle "12w"]
[BlackTitle "12w"]
[WhiteElo "1597"]
[BlackElo "976"]
[WhiteTeam "Hessen"]
[BlackTeam "Saarland"]
[WhiteFideId "12929727"]
[BlackFideId "12971944"]
[EventCountry "GER"]
[EventRounds "7"]
[EventType "team-swiss"]
[EventDate "2013.10.02"]

1. e4 e5 2. Nf3 Nc6 3. Bc4 Nf6 4. d3 Bc5 5. c3 d6 6. Nbd2 O-O 7. O-O Bg4 8. h3
Bd7 9. Bb3 Nh5 10. Re1 Nf4 11. Nf1 Qf6 12. Be3 Qg6 13. Ng3 Ne7 14. Kh2 Qh6 15.
Ng1 Neg6 16. d4 exd4 17. cxd4 Bb4 18. Bd2 Bxd2 19. Qxd2 Qh4 20. Nf3 Qh6 21. Nf5
Qh5 22. Ng3 Qh6 23. Nf5 Qh5 24. Bc2 Rae8 25. Ng1 Qg5 26. g3 Ne6 27. f4 Qf6 28.
e5 dxe5 29. dxe5 Qd8 30. Nf3 Qc8 31. Ne3 Nc5 32. h4 Rd8 33. Qc3 b6 34. Nd5 Bg4
35. Bxg6 Rxd5 36. Bc2 Re8 37. Rad1 Qe6 38. b4 Na6 39. Bb3 Rxd1 40. Bxe6 Rxe1
41. Bxf7+ Kxf7 42. Nxe1 c5 43. Qc4+ Be6 44. Qxa6 Re7 45. bxc5 bxc5 46. Nf3 c4
47. Ng5+ Ke8 48. Nxe6 Kd7 49. f5 c3 50. Qxa7+ Kc6 51. Qxe7 Kd5 52. Qc5+ Ke4 53.
Qxc3 Kxf5 54. Nxg7+ Kg6 55. e6 h6 56. e7 Kf7 57. e8=Q# 1-0